Catálogo
 En Linea

Hemingway / (Registro nro. 41515)

Detalles MARC
000 -CABECERA
campo de control de longitud fija 00917nam a2200253 a 4500
001 - NÚMERO DE CONTROL
campo de control 000042026
005 - FECHA Y HORA DE LA ÚLTIMA TRANSACCIÓN
campo de control 20201002035907.0
008 - DATOS DE LONGITUD FIJA--INFORMACIÓN GENERAL
campo de control de longitud fija 131107s1984 sp ac 000 0bspa d
020 ## - NÚMERO INTERNACIONAL ESTÁNDAR DEL LIBRO
Número Internacional Estándar del Libro 843458154X
040 ## - FUENTE DE LA CATALOGACIÓN
Centro catalogador/agencia de origen DO-SdBNP
Lengua de catalogación spa
Centro/agencia transcriptor BNPHU
082 ## - NÚMERO DE LA CLASIFICACIÓN DECIMAL DEWEY
Número de clasificación 928.1
Número de documento/Ítem H488B
100 1# - ENTRADA PRINCIPAL--NOMBRE DE PERSONA
Nombre de persona Burgess, Anthony,
Fechas asociadas al nombre 1917-1993
9 (RLIN) 42713
240 10 - TÍTULO UNIFORME
Título uniforme Hemingway and his world
Lenguaje de la obra spa
245 10 - MENCIÓN DE TÍTULO
Título Hemingway /
Mención de responsabilidad, etc. Anthony Burgess ; prólogo, Josep M.a Castellet ; traducción del inglés, Mª. Isabel Merino.
260 ## - PUBLICACIÓN, DISTRIBUCIÓN, ETC.
Lugar de publicación, distribución, etc. Barcelona :
Nombre del editor, distribuidor, etc. Salvat,
Fecha de publicación, distribución, etc. 1984.
300 ## - DESCRIPCIÓN FÍSICA
Extensión 199 p. :
Otras características físicas il., retrs. ;
Dimensiones 20 cm.
490 1# - MENCIÓN DE SERIE
Mención de serie Biblioteca Salvat de grandes biografiás;
Designación de volumen o secuencia 9
500 ## - NOTA GENERAL
Nota general Traducido del inglés
504 ## - NOTA DE BIBLIOGRAFÍA, ETC.
Nota de bibliografía, etc. Bibliografía : p. 199
700 12 - PUNTO DE ACCESO ADICIONAL--NOMBRE DE PERSONA
Nombre de persona Merino, Mª. Isabel
Término indicativo de función/relación tr
9 (RLIN) 68986
700 12 - PUNTO DE ACCESO ADICIONAL--NOMBRE DE PERSONA
Nombre de persona Castellet, Josep Mª.
Término indicativo de función/relación prol.
9 (RLIN) 68987
830 #0 - PUNTO DE ACCESO ADICIONAL DE SERIE-TÍTULO UNIFORME
Título uniforme Biblioteca Salvat de grandes biografía
Número de parte o sección de la obra 9
9 (RLIN) 68988
910 ## - DATOS DE OPCIÓN DEL USUARIO (OCLC)
Datos de opción del usuario Validado. Control de calidad MFF
Existencias
Estado de retiro Estado de pérdida Restricciones de uso No para préstamo Código de colección Localización permanente Ubicación/localización actual Ubicación en estantería Fecha de adquisición Número de inventario Total de préstamos Signatura topográfica completa Código de barras Fecha visto por última vez Precio válido a partir de Tipo de ítem Koha
      Excluido de préstamo Monografías: Libros y Folletos General General Depósito 07.11.2013 LF1   928.1 H488B 42026-10 25.06.2020 25.06.2020 No se presta

Con tecnología Koha